• 首页
  • 本馆介绍
  • 公告通知
  • 最新文献
  • 馆藏检索
  • 电子资源
  • 读者导购
  • 参考咨询
  • 我的图书馆
  • 登录
  • 详细信息显示
  • 放入我的书架
  • 预约/预借图书
  • 作者相关作品
  • 分类相关作品
  • 丛书相关作品
  • 出版社相关作品

书目信息

  • 表格格式
  • 工作单格式
  • 卡片格式
题名:
为和平与合作的跨界保护区
    
 
作者: Sandwith 著 ;曹学章 , 蒋明康 译
分册:  
出版信息: 北京   中国环境科学出版社  2005
页数: 10,115页
开本: 21cm
丛书名: IUCN保护区最佳实践指南丛书
单 册:
中图分类: X36
科图分类:
主题词: 自然保护区--管理--指南 , 自然保护区 , 自然堡区--环境管理 , 自然堡区
电子资源:
ISBN: 7-80209-100-4
000 01723nam0 2200457 450
000 01686nam0 2200445 450
000 01669nam0 2200445 450
000 01615nam0 2200421 450
000 01578nam0 2200409 450
000 01550nam0 2200397 450
000 01443nam0 2200361 450
000 01389nam0 2200337 450
000 01407nam0 2200325 450
000 01370nam0 2200313 45
001 06303000258
005 20070804093918.26
010    @a7-80209-100-4@dCNY12.00(全套定价:72.00)
100    @a20060829d2005 em y0chiy0110 ea
101 1  @achi@ceng
102    @aCN@b110000
105    @ay z 000yy
200 1  @a为和平与合作的跨界保护区@AWei He Ping Yu He Zuo De Kua Jie Bao Hu Qu@dTransboundary Protected Areas for Peace and Co-operation@f(澳) Trevor Sandwith等著@F(ao)Trevor Sandwith deng zhu@g曹学章,蒋明康译@zeng
210    @a北京@c中国环境科学出版社@d2005
215    @a10,115页@d21cm
225 2  @aIUCN保护区最佳实践指南丛书
304    @a作者还有:Clare Shine、Lawrence Hamilton、David Sheppard
330    @a本书包括保护区的跨界合作及良好的实践指南、和平时期和武装冲突时期跨界保护区准则草案等内容。
410  0 @12001 @aIUCN保护区最佳实践指南丛书
510 1  @aTransboundary Protected Areas for Peace and Co-operation@zeng
606 0  @a自然保护区@x管理@x指南
606 0  @a自然保护区
606 0  @a自然堡区@x环境管理
606 0  @a自然堡区
690    @aX36@v4
701 A0 @aSandwith@bTrevor@4著
702  0 @a曹学章@ACao Xue Zhang@4译
702  0 @a蒋明康@AJiang Ming Kang@4译
801  0 @aCN@b中图数据@c20070804
905    @a10447@dX36@e51:1
    
    为和平与合作的跨界保护区=Transboundary Protected Areas for Peace and Co-operation/(澳) Trevor Sandwith等著/曹学章,蒋明康译.-北京:中国环境科学出版社,2005
    10,115页;21cm.-(IUCN保护区最佳实践指南丛书)
    
    
    ISBN 7-80209-100-4:CNY12.00(全套定价:72.00)
    本书包括保护区的跨界合作及良好的实践指南、和平时期和武装冲突时期跨界保护区准则草案等内容。
●
相关链接 在E读中查询图书 在五车中查询图书 在当当中查询图书 在豆瓣中查询图书


正题名:为和平与合作的跨界保护区     索取号:X36/51:1         预约/预借

序号 登录号 条形码 馆藏地/架位号 状态 备注
1 0608615   206086153   第二样本阅览室/ [索取号:X36/51:1] 在馆    
2 0608616   206086162   第三借阅区/ [索取号:X36/51:1] 在馆    
3 0608617   206086171   第三借阅区/ [索取号:X36/51:1] 在馆    
4 0608618   206086180   第三借阅区/ [索取号:X36/51:1] 在馆    
5 0608619   206086199   第三借阅区/ [索取号:X36/51:1] 在馆    
6 0807857   208078578   第三借阅区/ [索取号:X36/51:1] 在馆    
7 0807858   208078587   第三借阅区/ [索取号:X36/51:1] 在馆    
唐山师范学院图书馆 欢迎您!
大连网信软件有限公司© 版权所有